000 00479nmm a2200169Ia 4500
008 251105s9999||||xx |||||||||||||||||und||
020 _a9789560000392
041 _aspa
100 _aMoulian, Manuela
245 0 _aSofia caza palabras
264 _a[Santiago de Chile, Chile] :
_bLOM Ediciones,
_c2009
300 _a78 páginas
490 _aCuriosas miradas
650 _aLatin American narrative
856 _uhttps://public.digitaliapublishing.com/a/13106
942 _cCF
999 _c93380
_d93380